| 000 | 00616nam a22002297a 4500 | ||
|---|---|---|---|
| 999 |
_c13955 _d13955 |
||
| 001 | 14046 | ||
| 003 | MIRAKIL | ||
| 005 | 20200825120209.0 | ||
| 008 | 200825b tu ||||| |||| 00| 0 tur d | ||
| 035 | _a14046 | ||
| 040 |
_aTR-AnCHP _btur _cTR-AnCHP |
||
| 041 |
_atur _hnor |
||
| 082 |
_a839.827 _bH25a 1984 |
||
| 100 |
_aHamsun, Knut _d1859-1952 |
||
| 245 |
_aAçlık/ _cKnut Hamsun; çeviren: Ahmet Cemal. |
||
| 250 | _a2 bs. | ||
| 260 |
_aİstanbul: _bCan Yayınları, _c1984. |
||
| 300 |
_a239 s.: _c20 sm. |
||
| 650 | 0 |
_aNorveç edebiyatı _96435 _xRoman |
|
| 700 |
_aCemal, Ahmet _eçev. _96444 |
||
| 942 | _cBKS | ||